| 000 | 00744nam a2200289Ia 4500 | ||
|---|---|---|---|
| 005 | 20260324123719.0 | ||
| 008 | 008 260324s9999 xx 000 0 eng d | ||
| 020 | _a9781849775526 | ||
| 037 | _aEBOOK | ||
| 040 | _aCRL | ||
| 040 | _beng | ||
| 040 | _cCRL | ||
| 041 | _2eng | ||
| 041 | _aeng | ||
| 084 | _qCRL | ||
| 100 |
_aAshok K. Chapagain; Mesfin M. Mekonnen; Maite M. Aldaya; Arjen Y. Hoekstra _91171369 |
||
| 245 | 4 | _aThe Water Footprint Assessment Manual | |
| 245 | 0 | _bSetting the Global Standard | |
| 260 | _bTaylor and Francis | ||
| 260 | _c2011 | ||
| 365 | _a | ||
| 365 | _b230 | ||
| 856 | _uhttp://www.taylorfrancis.com/books/9781849775526 | ||
| 942 | _cEBOOK | ||
| 999 |
_c1765124 _d1765124 |
||